| 000 | 00000nam##2200000za#4500 |
| 001 | 9.614529 |
| 003 | CaOODSP |
| 005 | 20210615100907 |
| 007 | ta |
| 008 | 150406|1998||||xxc||||| f|0| 0 eng|d |
| 020 | |a0-662-27141-6 |
| 040 | |aCaOODSP|beng |
| 043 | |an-cn--- |
| 086 | 1 |aF21-6/1998-2E |
| 110 | 1 |aCanada.|bDepartment of Finance.|bTask Force on the Future of the Canadian Financial Services Sector. |
| 245 | 10|aCompetition policy issues / |cby Donald G. McFetridge. |
| 260 | |aOttawa - Ontario : |bFinance Canada. |c1998. |
| 300 | |a157p. : |btables ; |c28 cm. |
| 490 | 1 |aResearch paper prepared for the Task Force on the Future of the Canadian Financial Services Sector |
| 500 | |aN.B.: Incorrect catalogue number (BT22-61/3-1998E-2) printed in this publication. |
| 504 | |aBibliography. |
| 563 | |aSoftcover |
| 590 | |a98-45|b1998-11-06 |
| 690 | 07|aCompetition|2gcpds |
| 690 | 07|aPolicy|2gcpds |
| 720 | 1 |aMcFetridge, Donald G. |
| 775 | 08|tEnjeux liés à la politique sur la concurrence / |w(CaOODSP)9.624847 |
| 776 | 0#|tCompetition policy issues / |w(CaOODSP)9.572318 |
| 830 | #0|aResearch paper prepared for the Task Force on the Future of the Canadian Financial Services Sector.|w(CaOODSP)9.514612 |